00457nam a22001457a 4500003000200000005001700002008004100019050002500060082002500085100002000110245008600130260004100216300001900257600003500276a20250919194823.0250919b xxu||||| |||| 00| 0 eng d aFil 959.8 bC67 2024 aFil 959.8 bC67 2024 4Bowring, Philip aMaking of the modern Philippines (The):bpieces of jigsaw state/cPhilip Bowring. aNew YorkbBloomsbury Academiccc2024 a258 pp.b25cm. 2Philippines- History-1898-1946